Environmental engineering (Record no. 5357)

000 -LEADER
fixed length control field 00678nam a2200241 4500
001 - CONTROL NUMBER
control field 5357
003 - CONTROL NUMBER IDENTIFIER
control field BD-DhUET
008 - FIXED-LENGTH DATA ELEMENTS--GENERAL INFORMATION
fixed length control field 141126b xxu||||| |||| 00| 0 eng d
020 ## - INTERNATIONAL STANDARD BOOK NUMBER
International Standard Book Number 0071002316
040 ## - CATALOGING SOURCE
Transcribing agency 0
Modifying agency BD-DhUET
082 ## - DEWEY DECIMAL CLASSIFICATION NUMBER
Classification number 628
Item number PEA/1985
100 ## - MAIN ENTRY--PERSONAL NAME
Personal name Peavy, Howard S
245 ## - TITLE STATEMENT
Title Environmental engineering
250 ## - EDITION STATEMENT
Edition statement 1st ed.
260 ## - PUBLICATION, DISTRIBUTION, ETC. (IMPRINT)
Place of publication, distribution, etc. New york
Name of publisher, distributor, etc. McGraw-Hill
Date of publication, distribution, etc. 1985
300 ## - PHYSICAL DESCRIPTION
Extent xiv,699 p.+various paging
Other physical details ill.
490 ## - SERIES STATEMENT
Series statement McGraw-Hill series in water resources and environmental engineering
504 ## - BIBLIOGRAPHY, ETC. NOTE
Bibliography, etc Includes bibliographies
650 #0 - SUBJECT ADDED ENTRY--TOPICAL TERM
Topical term or geographic name as entry element Environmental engineering
700 ## - ADDED ENTRY--PERSONAL NAME
Personal name Rowe, Donald R.
700 ## - ADDED ENTRY--PERSONAL NAME
Personal name Tchobanoglous, George
942 ## - ADDED ENTRY ELEMENTS (KOHA)
Koha item type General Book
Holdings
Koha date last seen Koha normalized classification for sorting Koha full call number Date acquired Location (home branch) Copy number Sublocation or collection (holding branch) Withdrawn status Koha item type Lost status Not for loan Damaged status Koha issues (times borrowed) Piece designation (barcode) Koha date last borrowed Source of classification or shelving scheme Shelving location Koha renewals Price effective from
2024-09-08628PEA1985628/PEA/19852014-11-26Central Library, BUET1Central Library, BUET General Book   9818962023-12-10 Circulation section 2014-11-26
2024-06-02628PEA1985628/PEA/19852014-11-26Central Library, BUET2Central Library, BUET General Book   10818952024-03-16 Circulation section 2014-11-26
2015-06-18628_000000000000000_PEA_1985628/PEA/19852015-06-18Central Library, BUET3Central Library, BUET Reading Item    88788  Reading section 2015-06-18
2015-06-18628_000000000000000_PEA_1985628/PEA/19852015-06-18Central Library, BUET4Central Library, BUET Reading Item    87579  Reading section 2015-06-18
2021-11-13628_000000000000000_PEA_1985628/PEA/19851991-10-28Central Library, BUET5Central Library, BUET General Book   2818942020-03-16 Circulation section 2017-10-31
2024-12-01628_000000000000000_PEA_1985628 PEA/19851991-10-28Central Library, BUETক-৫১Central Library, BUET Rental Item    81847  Rental section 2024-12-01
2024-12-01628_000000000000000_PEA_1985628 PEA/19851991-10-28Central Library, BUETক-৭৮Central Library, BUET Rental Item    81874  Rental section 2024-12-01
2024-12-01628_000000000000000_PEA_1985628 PEA/19851991-10-28Central Library, BUETক-৭৯Central Library, BUET Rental Item    81875  Rental section 2024-12-01
2024-12-01628_000000000000000_PEA_1985628 PEA/19851991-10-28Central Library, BUETক-৮০Central Library, BUET Rental Item    81876  Rental section 2024-12-01
2024-12-01628_000000000000000_PEA_1985628 PEA/19851991-10-28Central Library, BUETক-৮১Central Library, BUET Rental Item    81877  Rental section 2024-12-01
2024-12-01628_000000000000000_PEA_1985628 PEA/19851991-10-28Central Library, BUETক-৮২Central Library, BUET Rental Item    81878  Rental section 2024-12-01
2024-12-01628_000000000000000_PEA_1985628 PEA/19851991-10-28Central Library, BUETক-৮৩Central Library, BUET Rental Item    81879  Rental section 2024-12-01
2024-12-01628_000000000000000_PEA_1985628 PEA/19851991-10-28Central Library, BUETক-৮৪Central Library, BUET Rental Item    81880  Rental section 2024-12-01
2024-12-01628_000000000000000_PEA_1985628 PEA/19851991-10-28Central Library, BUETক-৮৫Central Library, BUET Rental Item    81881  Rental section 2024-12-01
2024-12-01628_000000000000000_PEA_1985628 PEA/19851991-10-28Central Library, BUETক-৮৬Central Library, BUET Rental Item    81882  Rental section 2024-12-01
2024-12-01628_000000000000000_PEA_1985628 PEA/19851991-10-28Central Library, BUETক-৮৭Central Library, BUET Rental Item    81883  Rental section 2024-12-01
2024-12-01628_000000000000000_PEA_1985628 PEA/19851991-10-28Central Library, BUETক-৮৭Central Library, BUET Rental Item    81884  Rental section 2024-12-01